Sports Quiz

Random Sports or Basketball Quiz
Score 0/192 Timer 20:00
0 Plays Today
Hint Answer % Correct
Conference the Knicks play inEast
63.6%
Division the Knicks play inAtlantic
63.6%
College of Carmelo AnthonySyracuse
63.6%
Knicks biggest (in-state) rivalsBrooklyn Nets
61.4%
Who did the Knicks beat in the 2013 playoffs 1st roundBoston Celtics
61.4%
College of Patrick EwingGeorgetown
59.1%
College of Jeremy LinHarvard
59.1%
Patrick Ewing's jersey number33
59.1%
Main colorsblue and orange
56.8%
Nicknamed 'Starbury'Stephon Marbury
56.8%
Signed a 5-year deal with NY in July 2010Amare Stoudemire
56.8%
Former name of Metta World PeaceRon Artest
56.8%
Current team of Channing FryePhoenix Suns
56.8%
Current team of Zach RandolphMemphis Grizzlies
56.8%
Franchise leader in reboundsPatrick Ewing
54.5%
Won the 2013 scoring titleCarmelo Anthony
54.5%
Current starting center, drafted by BullsTyson Chandler
54.5%
Team that beat Knicks in the 1994 NBA FinalsHouston Rockets
54.5%
Country where Andrea Bargnani is fromItaly
54.5%
Current team of Jamal CrawfordLos Angeles Clippers
54.5%
Carmelo Anthony was drafted in which year's draft?2003
54.5%
Franchise leader in blocksPatrick Ewing
52.3%
2013 6th man of year award winnerJR Smith
52.3%
Team that swept the Knicks in 2011 NBA PlayoffsBoston Celtics
52.3%
What year was JR Smith drafted in2004
51.5%
Current starting point guard, went to UNCRaymond Felton
50%
Team that beat NY in the 1999 NBA FinalsSan Antonio Spurs
50%
Team that Landry Fields signed with after his time with the KnicksToronto Raptors
50%
The Knicks record holder for assists in a single game had how many assists?22
50%
Number of Knicks wins in the 2012-13 season54
50%
What team did Metta World Peace engage in an infamous brawl with?Detroit Pistons
48.5%
Knicks superfan and movie directorSpike Lee
48.5%
During the 2011 NBA Lockout, what country did JR Smith play basketball in?China
48.5%
Franchise leading scorerPatrick Ewing
47.7%
Home arenaMadison Square Garden
47.7%
First championship season1970
47.7%
Second championship season1973
47.7%
Walt Frazier's nicknameClyde
47.7%
Current Knicks head coachMike Woodson
47.7%
Knicks ownerJames Dolan
47.7%
Current team of Chris CopelandIndiana Pacers
47.7%
Hit memorable 'four=point play'Larry Johnson
47.7%
Full nickname is the __________Knickerbockers
45.5%
Franchise leader in assistsWalt Frazier
45.5%
Retired #19Willis Reed
45.5%
Knicks center in the 2000's, initials are ECEddy Curry
45.5%
College of Tim Hardaway Jr.Michigan
45.5%
Team that drafted Raymond FeltonCharlotte Bobcats
45.5%
Metta World Peace was drafted in which year's draft?1999
45.5%
What team drafted Amare StoudemirePhoenix Suns
45.5%
First Season1947
43.2%
2011 1st round draft selectionIman Shumpert
43.2%
Stoudemire's nicknameSTAT
43.2%
Oldest NBA rookie everPablo Prigioni
43.2%
Known for his dunk over MJJohn Starks
43.2%
Team that Knicks beat in 1970 NBA FinalsLos Angeles Lakers
43.2%
Knicks TV channelMSG
43.2%
Knicks beat this team in the first round of the 1999 NBA playoffsMiami Heat
43.2%
Sharpshooter nicknamed 'Q-Rich'Quentin Richardson
42.4%
What number was Jeremy Lin17
42.4%
Tyson Chandler played on this team the season before joining the KnicksDallas Mavericks
42.4%
Current number of Metta World Peace51
40.9%
Team Knicks had a huge brawl with in the 2000'sDenver Nuggets
40.9%
College of Iman ShumpertGeorgia Tech
40.9%
Hint Answer % Correct
College of Landry FieldsStanford
40.9%
Patrick Ewing's draft year1985
39.4%
What year was Amare Stoudemire drafted in2002
39.4%
Only Knick to ever win NBA MVP award Willis Reed
39.4%
Known for the phrase, 'Ball Don't Lie!'Rasheed Wallace
38.6%
Current team of Nate RobinsonDenver Nuggets
38.6%
Celebration was the 'Championship Belt'Steve Novak
36.4%
Team that NY beat in the game that 'Linsanity' beganNew Jersey Nets
36.4%
Jamal Crawford's number as a Knicks11
36.4%
Team in which their player posted a 30-30 vs. the Knicks in 2010Minnesota Timberwolves
36.4%
College of Steve NovakMarquette
36.4%
College of Metta World PeaceSt. John's
36.4%
What year was Andrea Bargnani drafted in?2006
36.4%
What team was Kenyon Martin drafted byNew Jersey Nets
36.4%
Only Knick to ever win Defensive Player of Year awardTyson Chandler
36.4%
Only Knick to ever win NBA Finals MVPWillis Reed
36.4%
Knicks head coach from 2008-12Mike D'Antoni
36.4%
Brother of JR Smith, and a current Knick playerChris Smith
36.4%
What borough do the Knicks play inManhattan
36.4%
Knicks opponent for opening day 2013-14?Milwaukee Bucks
34.1%
The two 'Thomas' players in the 2000's. _______ and ________Kurt and Tim
33.3%
What year was Kenyon Martin drafted in2000
33.3%
Knicks head coach 1991-95Pat Riley
33.3%
Most recent Knick to make All-NBA First TeamPatrick Ewing
33.3%
What year was Rasheed Wallace drafted in1995
33.3%
Home city of Carmelo AnthonyBaltimore
33.3%
College of Marcus CambyUMass
31.8%
Home state of Tyson ChandlerCalifornia
31.8%
Wilt Chamberlain scored 100 points vs. the Knicks while playing for this teamPhiladelphia Warriors
30.3%
Russian center signed by the Knicks in 2010Timofey Mozgov
30.3%
Team that Jeremy Lin scored 38 points against in February 2012Los Angeles Lakers
30.3%
Team that the Knicks traded Ronnie Brewer toOklahoma City Thunder
29.5%
College of Jason KiddCalifornia
29.5%
Home state of Amare StoudemireFlorida
29.5%
College of Kenyon MartinCincinnati
29.5%
Franchise leader in stealsPatrick Ewing
27.3%
2009 1st round draft selectionJordan Hill
27.3%
Greatest coach in Knicks history, has '613' retired numberRed Holzman
27.3%
Retired #24Bill Bradley
27.3%
Knicks #5 in the 2012-13 seasonJason Kidd
27.3%
Only Knick to ever wear #85Baron Davis
27.3%
What team drafted JR SmithNew Orleans Hornets
27.3%
Who did the Knicks play in the 2013 East semi-finals?Indiana Pacers
27.3%
2008 1st round draft selectionDanilo Gallinari
25%
Team that Knicks traded Jamal Crawford toGolden State Warriors
25%
College of Jordan HillArizona
25%
College of Wilson ChandlerDePaul
25%
College of Mike WoodsonIndiana
25%
Knicks record holder for assists in a single gameChris Duhon
25%
What team drafted Metta World Peace?Chicago Bulls
24.2%
Knicks head coach 2005-06, is a Hall-of-FamerLarry Brown
24.2%
Current Knicks GMSteve Mills
24.2%
Most recent Knick to win Rookie of Year awardMark Jackson
24.2%
Played for the Knicks in the 2012-13 season and participated in the 2013 Dunk ContestJames White
24.2%
What state is JR Smith fromNew Jersey
24.2%
Home state of Jamal CrawfordWashington
22.7%
Country where Beno Udrih is fromSlovenia
22.7%
Knick PG from 2005-07, went to MarylandSteve Francis
21.2%
College of David LeeFlorida
21.2%
What team drafted Rasheed WallaceWashington Bullets
21.2%
College of Rasheed WallaceUNC
21.2%
Nicknamed 'Jorts'Josh Harrellson
21.2%
Current Knick player Cole Aldrich went to what college?Kansas
21.2%
When JR Smith was traded to the Bulls in July 2006, which current Knick player was he exchanged for?Tyson Chandler
21.2%
Hint Answer % Correct
Nicknamed the 'Junkyard Dawg'Jerome Williams
20.5%
Current team of Al HarringtonWashington Wizards
20.5%
Current team of Toney DouglasGolden State Warriors
20.5%
Tyson Chandler's jersey number6
20.5%
2002 1st round draft selectionNene
18.2%
Who did Nate Robinson jump over in his first dunk contest victorySpud Webb
18.2%
College of Baron DavisUCLA
18.2%
Knick player from 2010-11, from FranceRonnie Turiaf
18.2%
What college did Nate Robinson attendWashington
18.2%
Franchise leader in field goal percentageTyson Chandler
15.9%
Franchise leader in three-point percentageHubert Davis
15.9%
Knicks #23 in the 2012-13 seasonMarcus Camby
15.9%
College of Toure MurryWichita State
15.9%
College of Allan HoustonTennessee
15.2%
High School of Amare StoudemireCypress Creek
15.2%
College of Larry HughesSt. Louis
15.2%
Knicks GM 2008-11Donnie Walsh
15.2%
Franchise leader in offensive reboundsCharles Oakley
15.2%
Knick retired #12Dick Barnett
15.2%
Current Knicks head trainerRoger Hinds
15.2%
How many games did the Knicks get eliminated in in the 2013 East semi-finals?6
15.2%
College of Mardy CollinsTemple
13.6%
College of Renaldo BalkmanSouth Carolina
13.6%
Home state of Eddy CurryIllinois
12.1%
College of Bill WalkerKansas State
12.1%
College of Toney DouglasFlorida State
12.1%
Knicks head coach 2004-05Lenny Wilkens
12.1%
The only team the Knicks have never made a trade withCharlotte Bobcats
12.1%
What team drafted Nate RobinsonPhoenix Suns
12.1%
Eddy Curry was traded by the Knicks to what teamMinnesota Timberwolves
12.1%
2007 1st round draft selectionWilson Chandler
11.4%
2004 2nd round draft selectionTrevor Ariza
11.4%
College of Herb WilliamsOhio State
11.4%
Knicks star of the 1940's/1950'sCarl Braun
9.1%
Knicks PG in 2010-11, went to college of HawaiiAnthony Carter
9.1%
College of Anfernee HardawayMemphis
9.1%
College of Jared JeffriesIndiana
9.1%
Knicks head coach 1982-86Hubie Brown
9.1%
Trevor Ariza played for this team in 2007-08 seasonOrlando Magic
9.1%
Which current Knick went undrafted in the 2013 NBA Draft and attended NC State?CJ Leslie
9.1%
Played first game ever vs the _________Toronto Huskies
6.8%
College of Shandon AndersonGeorgia
6.1%
College of Nazr MohammedKentucky
6.1%
College of Vin BakerHartford
6.1%
Knicks head coach 1987-89Rick Pitino
6.1%
Channing Frye played for this team in 2008-09 seasonPortland Trail Blazers
6.1%
What team did the Knicks trade Raymond Felton to on Draft Day 2011?Portland Trail Blazers
6.1%
Knicks player from 2005-09, attended Florida A&MJerome James
3%
College of Malik RoseDrexel
3%
College of Earl BarronMemphis
3%
College of Anthony MasonTennessee State
3%
High school of Jeremy LinPalo Alto
3%
Arena where Knicks played their first ever gameMaple Leaf Gardens
3%
Team the Knicks played in Jeremy Lin's first time in the starting lineup during 'Linsanity'Utah Jazz
3%
Seats at the Knicks arena19,763
2.3%
College of Jamison BrewerAuburn
0%
College of Moochie NorrisWest Florida
0%
College of Eddie HouseArizona State
0%
First ever Knicks team PresidentNed Irish
0%
First ever Knicks Hall-of-FamerTom Gola
0%
What team cut Jeremy Lin right
0%
Knicks first ever playoff opponentCleveland Rebels
0%
Knicks leading scorer in their first ever gameLeo Gottlieb
0%
Raymond Felton won which college award in 2005?Bob Cousy
0%
Remove Ads.
Support Sporcle.
Get the best of Sporcle when you Go Orange. This ad-free experience offers more features, more stats, and more fun while also helping to support Sporcle. Thank you for becoming a member.

You're not logged in!

Compare scores with friends on all Sporcle quizzes.
OR
Log In

Show Comments

Extras

Top Quizzes Today


Score Distribution

Your Account Isn't Verified!

In order to create a playlist on Sporcle, you need to verify the email address you used during registration. Go to your Sporcle Settings to finish the process.

Report this User

Report this user for behavior that violates our Community Guidelines.

Details: